A study of shipbuilding cost estimating methodology : final report /

Bibliographic Details
Corporate Authors: EMSCO Engineering & Management Sciences Corporation, United States. Maritime Administration
Other Authors: Broido, Joseph A.
Format: Book
Language:English
Published: Woodland Hills, Calif. : The Corporation, 1969.
Subjects:

MARC

Tag First Indicator Second Indicator Subfields
LEADER 00000cam a2200000 i 4500
001 in00004808564
008 780428s1969 caua b 000 0 eng d
005 20240807184913.7
035 |a (OCoLC)ocm03835265  
040 |a GAO  |b eng  |e rda  |c GAO  |d ZAP  |d OCLCQ  |d OCLCF  |d OCLCQ  |d OCLCO  |d OCLCQ  |d OCLCL 
035 |a (OCoLC)03835265 
050 4 |a VM23  |b .E73 
049 |a MAIN 
110 2 |a EMSCO Engineering & Management Sciences Corporation. 
245 1 2 |a A study of shipbuilding cost estimating methodology :  |b final report /  |c by EMSCO Engineering and Management Sciences Corporation, Joseph A. Broido, project manager. 
264 1 |a Woodland Hills, Calif. :  |b The Corporation,  |c 1969. 
300 |a 92 pages in various pagings :  |b illustrations ;  |c 28 cm 
336 |a text  |b txt  |2 rdacontent 
337 |a unmediated  |b n  |2 rdamedia 
338 |a volume  |b nc  |2 rdacarrier 
500 |a Prepared for Maritime Administration by EMSCO Engineering and Management Sciences Corporation. 
504 |a Includes bibliographical references (pages A-2-A-3). 
590 |b TAG Physical Holdings 2 
650 0 |a Shipbuilding  |x Costs.  |0 http://id.loc.gov/authorities/subjects/sh85121558 
650 6 |a Construction navale  |x Coût. 
650 7 |a Shipbuilding  |x Costs.  |2 fast  |0 (OCoLC)fst01116228 
700 1 |a Broido, Joseph A. 
710 1 |a United States.  |b Maritime Administration.  |0 http://id.loc.gov/authorities/names/n79068679 
758 |i has work:  |a Study of shipbuilding cost estimating methodology (Text)  |1 https://id.oclc.org/worldcat/entity/E39PCY3v3wMcVBpXGmRj8gyVyd  |4 https://id.oclc.org/worldcat/ontology/hasWork 
994 |a 92  |b TAG 
852 |a TAG  |b TAGC  |c galv,stk  |h VM23 .E73  |t c.1 
876 |p 33620000309076  |v unmediated -- volume 
999 f f |s 677c4d2f-30a6-42de-961d-25b444b43df7  |i 9338b102-8e70-4355-b1ea-ce790db8a873  |t 0 
952 f f |p normal  |a Texas A&M University  |b Galveston Campus  |c Jack K. Williams Library  |d Galveston Stacks  |t 0  |e VM23 .E73  |h Library of Congress classification  |i unmediated -- volume  |m 33620000309076 
998 f f |a VM23 .E73  |t 0  |l Galveston Stacks